| 000 | 00572nam a2200181Ia 4500 | ||
|---|---|---|---|
| 999 |
_c14576 _d14576 |
||
| 003 | OSt | ||
| 005 | 20201016120849.0 | ||
| 008 | 190216s9999||||xx |||||||||||||| ||und|| | ||
| 020 | _a9788176257299 | ||
| 040 | _coclc | ||
| 082 |
_a823.09 _bMOU/C |
||
| 100 |
_aMouli, T Sai Chandra _95525 |
||
| 245 | 0 |
_aConquering Quill Studies In Commonwealth Literature / _cT Sai Chandra Mouli ; Anish Kumar K S |
|
| 260 |
_bSarup Book Publishers , _c2011. _aNew Delhi: |
||
| 300 | _a314p | ||
| 650 | _aEnglish | ||
| 942 |
_cBK _2ddc _h823.09 _iMOU/C _k823.09 _mMOU/C |
||